000 00802nam a2200217Ia 4500
001 17614
003 GE_BSU
008 181216s||||||||xx |||||||||||||| ||und||
040 _cGE_BSU
080 _a621.793(035.3)
100 _aЕфроимович,Ю.Е. Кричевский,Г.М. Левитанский,Б.А. и др.
245 _aСправочник электрика предприятий черной металлургии.
245 _cПод ред. И.Г.Тихомирова, ред. М.Г.Шаляпин.
260 _aМ.
260 _bМеталлургиздат.
260 _c1952.
300 _a1167 стр. 22 см.
300 _eТабл.
653 _aСправочник электрика предприятий черной металлургии.
942 _cBK
999 _c50663
_d50663